Las mujeres en la Reforma protestante del siglo XVI/
Αποθηκεύτηκε σε:
| Κύριος συγγραφέας: | |
|---|---|
| Μορφή: | Βιβλίο |
| Γλώσσα: | Spanish |
| Θέματα: | |
| Διαθέσιμο Online: | texto completo desde el sitio de la revista |
| Ετικέτες: |
Προσθήκη ετικέτας
Δεν υπάρχουν, Καταχωρήστε ετικέτα πρώτοι!
|
MARC
| LEADER | 00000nam a22000007a 4500 | ||
|---|---|---|---|
| 003 | cru CIDCACS/IIS | ||
| 005 | 20191024092627.0 | ||
| 007 | ta | ||
| 008 | 191018s2012 cu |||p|r|||| 00| ||spa|d | ||
| 999 | |c 42516 |d 42516 | ||
| 040 | |c cru CIDCACS/IIS | ||
| 100 | 1 | |9 8723 |a Lerín Cruz, Amparo | |
| 245 | 1 | 4 | |a Las mujeres en la Reforma protestante del siglo XVI/ |c Amparo Lerín Cruz |
| 300 | |a páginas 53-60 | ||
| 650 | 0 | |9 3163 |a IGLESIAS PROTESTANTES | |
| 650 | 0 | |9 136 |a HISTORIA | |
| 650 | 0 | |9 113 |a PARTICIPACION DE LA MUJER | |
| 650 | 0 | |9 5419 |a REFORMA RELIGIOSA | |
| 650 | 0 | |9 3161 |a PROTESTANTISMO | |
| 773 | 0 | |0 41970 |9 2975 |a Centro Memorial Dr. Martin Luther King, Jr |d La Habana, Cuba: Centro Memorial Dr. Martin Luther King, Jr, |o 17978 |t Caminos: |x 10257733 | |
| 856 | |u http://revista.ecaminos.org/article/las-mujeres-en-la-reforma-protestante-del-siglo-xv/ |y texto completo desde el sitio de la revista | ||
| 942 | |2 ddc |c PP | ||
